|
|
|
|
| LEADER |
00000nab a2200000 a 4500 |
| 001 |
vtls000032370 |
| 003 |
SK-MaSNL |
| 005 |
20260304073238.0 |
| 008 |
250423c1979 xo 0 slo |
| 015 |
|
|
|a SNBRB19rr/mm-uuuuu
|
| 035 |
|
|
|a CL0042464
|
| 035 |
|
|
|a urn:nbn:sk:snk-abwh
|
| 035 |
|
|
|a (urnnbn)urn:nbn:sk:snk:ar-a04bas
|
| 035 |
|
|
|a (uuid)e722bea0-298c-4621-951e-3ce2936f588b
|
| 040 |
|
|
|a SNKBUCL
|b slo
|c SNKBUCL
|e AACR2
|
| 041 |
0 |
|
|a eng
|
| 044 |
|
|
|a xo
|c SK
|
| 080 |
|
|
|a 517
|2 1981
|
| 100 |
1 |
|
|a Pick, Štěpán
|4 aut
|9 1361772
|
| 245 |
1 |
0 |
|a Singular potentials and perturbation theory
|c Štěpán Pick
|
| 300 |
|
|
|b Res. angl., rus.
|
| 650 |
0 |
7 |
|a perturbácie
|2 snkbucl
|9 1361773
|
| 650 |
0 |
7 |
|a teória perturbácií
|2 snkbucl
|9 166380
|
| 650 |
0 |
7 |
|a potenciály singulárne
|2 snkbucl
|9 1361774
|
| 650 |
0 |
7 |
|a rovnica Schrödingerova radiálna
|2 snkbucl
|9 1361775
|
| 650 |
0 |
7 |
|a priestor Hilbertov
|2 snkbucl
|9 1154642
|
| 655 |
|
7 |
|a články z novín a časopisov
|2 snkbucl
|9 267496
|
| 773 |
0 |
|
|t Acta physica slovaca
|g Roč. 29, č. 1 (1979), s. 25-30
|
| 850 |
|
|
|a Slovenská národná knižnica
|
| 852 |
|
|
|a Slovenská národná knižnica
|
| 958 |
|
|
|a article27
|
| 958 |
|
|
|a RK
|
| 958 |
|
|
|a CZ
|
| 958 |
|
|
|a OND
|
| 958 |
|
|
|a EUIPO
|
| 992 |
|
|
|a RBX
|
| 999 |
|
|
|c 2770430
|d 2772360
|